• Brammer

di Personal Name

Records bibliografici associati: 1

001 - CONTROL NUMBER

  • control field: 14747

003 - CONTROL NUMBER IDENTIFIER

  • control field: IT-RoPau

005 - DATE AND TIME OF LATEST TRANSACTION

  • control field: 20140222222648.0

008 - FIXED-LENGTH DATA ELEMENTS

  • fixed length control field: 140222|| aca||aabn | a|a d

040 ## - CATALOGING SOURCE

  • Original cataloging agency: IT-RoPau
  • Transcribing agency: IT-RoPau

100 ## - HEADING--PERSONAL NAME

  • Personal name: Brammer
  • Miscellaneous information: Codice autore testo/musica SPICS: 27930
  • Relator term: Autore testo/musica
  • Name of part/section of a work: Just a Gigolo

670 ## - SOURCE DATA FOUND

  • Source citation: Work cat.: (IT-RoPau)100726: Monk Thelonious 14740, Monk On Riverside 1958-59, vol. 11
CREDITS: SOCIETA' SAN PAOLO Via A.Severo, 58 - ROMA (RM) & PERIODICI SAN PAOLO SRL Via Giotto, 36 MILANO & CISF Via Giotto, 36 MILANO & EDIZIONI SAN PAOLO SRL,  Piazza Soncino, 5 CINISELLO BALSAMO (MI) -- ITALY